[Event "Open de la Loire 2010-2011"]
[Site "Loire"]
[Date "2011.02.12"]
[Round "8.3"]
[White "Joly, Christian"]
[Black "Longueville, Thomas"]
[Result "0-1"]
[WhiteElo "1600"]
[BlackElo "1794"]
[PlyCount "96"]
[EventDate "2011.??.??"]

1. d4 Nf6 2. Nf3 g6 3. Nc3 Bg7 4. Bf4 O-O 5. e3 d5 6. Be2 a6 7. O-O c5 8. b3
Nc6 9. Na4 c4 10. bxc4 dxc4 11. c3 Qa5 12. Nb2 b5 13. Nd2 Qxc3 14. Rb1 Bf5 15.
Qc1 Qa3 16. Ndxc4 bxc4 17. Nxc4 Qxc1 18. Rbxc1 Nb4 19. a3 Nbd5 20. Bg3 Ne4 21.
Bf3 Nxg3 22. fxg3 Be6 23. e4 Bxd4+ 24. Kh1 Nb6 25. Na5 Rac8 26. Nc6 Bf6 27. e5
Bg5 28. Rc2 Rc7 29. h4 Bh6 30. g4 Bd5 31. g5 Rxc6 32. Rxc6 Bxc6 33. Bxc6 Rc8
34. Bb7 Rc7 35. Bxa6 Bg7 36. Re1 Ra7 37. Bb5 Rxa3 38. Kg1 Ra5 39. Bd3 Rxe5 40.
Rb1 Nd7 41. Bc2 Rc5 42. Ba4 Bd4+ 43. Kf1 Rf5+ 44. Ke2 Ne5 45. h5 Rf2+ 46. Kd1
Rf1+ 47. Kc2 Rxb1 48. Kxb1 Be3 0-1

[Event "Open de la Loire 2010-2011"]
[Site "Loire"]
[Date "2011.02.12"]
[Round "8.4"]
[White "Doran, Niall"]
[Black "Moleins, Jean-Pierre"]
[Result "1-0"]
[WhiteElo "1547"]
[BlackElo "1600"]
[PlyCount "121"]
[EventDate "2011.??.??"]

1. Nf3 d6 2. d4 c6 3. e4 g6 4. Be3 Nf6 5. Nc3 Bg7 6. Qd2 Bg4 7. Be2 b5 8. a3
Nbd7 9. O-O Nb6 10. b3 a6 11. h3 Bd7 12. Ng5 h6 13. Nf3 g5 14. Nh2 e5 15. dxe5
dxe5 16. Bc5 Qc7 17. Bd6 Qb7 18. Bxe5 Nxe4 19. Nxe4 Bxe5 20. Ng4 Bxg4 21. Bxg4
Rd8 22. Qe2 O-O 23. Rad1 Rde8 24. Qf3 Nd5 25. Nc5 Qe7 26. Nd7 f5 27. Bxf5 Qxa3
28. Nxf8 Rxf8 29. Qe4 Qb2 30. Rfe1 Bg7 31. Be6+ Kh8 32. Bxd5 cxd5 33. Rxd5 Qf6
34. Re2 Qb6 35. Rdd2 a5 36. Qe6 Qc5 37. Qe3 Qb4 38. Qe4 Qc5 39. Rd5 Qb6 40. Qd3
b4 41. Qb5 Qb7 42. Qxa5 Ra8 43. Rd8+ Rxd8 44. Qxd8+ Kh7 45. Qd3+ Kg8 46. Re8+
Bf8 47. Qg6+ Qg7 48. Qxg7+ Kxg7 49. Re6 Kf7 50. Rb6 Ke8 51. Rb8+ Kf7 52. Rxf8+
Kxf8 53. Kf1 Ke7 54. Ke2 Kd6 55. Kd3 Kc5 56. c3 bxc3 57. Kxc3 Kb5 58. b4 h5 59.
g3 Kb6 60. Kc4 Ka6 61. Kc5 1-0

[Event "Open de la Loire 2010-2011"]
[Site "Loire"]
[Date "2011.02.12"]
[Round "8.5"]
[White "D'Elia, Stephane"]
[Black "Rasle, Jean-Michel"]
[Result "1-0"]
[WhiteElo "1420"]
[BlackElo "1650"]
[PlyCount "63"]
[EventDate "2011.??.??"]

1. e4 e6 2. d4 d5 3. e5 c5 4. c3 Qb6 5. Nf3 Nc6 6. Qa4 Bd7 7. Bb5 Nge7 8. dxc5
Qa5 9. Qxa5 Nxa5 10. Bxd7+ Kxd7 11. O-O Nec6 12. b4 Nc4 13. Re1 h6 14. Nbd2
Nxd2 15. Bxd2 g5 16. Nd4 Be7 17. Nxc6 Kxc6 18. a4 a6 19. a5 h5 20. h3 g4 21.
Kh2 Rh7 22. Bf4 Rg8 23. Re3 Rhg7 24. g3 h4 25. Rd1 Kb5 26. Rd4 gxh3 27. Kxh3
hxg3 28. Rxg3 Rh7+ 29. Kg2 Bh4 30. Rxg8 f6 31. Bg3 fxe5 32. Rxh4 1-0

[Event "Open de la Loire 2010-2011"]
[Site "Loire"]
[Date "2011.02.12"]
[Round "8.6"]
[White "Febvret, Olivier"]
[Black "Liogier, Pascal"]
[Result "1/2-1/2"]
[WhiteElo "1450"]
[BlackElo "1440"]
[PlyCount "63"]
[EventDate "2011.??.??"]

1. e4 c6 2. d4 d5 3. exd5 cxd5 4. Nf3 Nf6 5. Nc3 Qb6 6. b3 Nc6 7. Bb2 Bg4 8.
Na4 Qc7 9. h3 Bxf3 10. Qxf3 a6 11. Bd3 Nb4 12. c3 Nxd3+ 13. Qxd3 e6 14. c4 Bb4+
15. Bc3 Bxc3+ 16. Qxc3 Ne4 17. Qe3 Qa5+ 18. Ke2 b5 19. cxd5 bxa4 20. Qxe4 O-O
21. dxe6 fxe6 22. Qxe6+ Kh8 23. Qc4 axb3 24. axb3 Rfe8+ 25. Kd3 Qf5+ 26. Kc3
Qxf2 27. Rhf1 Re3+ 28. Kb4 Qd2+ 29. Ka4 Rb8 30. Rfb1 Rc3 31. Qxa6 Qxd4+ 32. b4
1/2-1/2

[Event "Open de la Loire 2010-2011"]
[Site "Loire"]
[Date "2011.02.12"]
[Round "8.7"]
[White "Desassis, Jean-Francois"]
[Black "Mazet, Christian"]
[Result "1/2-1/2"]
[WhiteElo "1500"]
[BlackElo "1460"]
[PlyCount "65"]
[EventDate "2011.??.??"]

1. d4 Nf6 2. Nf3 g6 3. Bg5 Bg7 4. e3 d5 5. Bd3 Bg4 6. Nbd2 O-O 7. h3 Bc8 8. h4
Bg4 9. c4 c5 10. Qb3 b6 11. Ne5 Be6 12. O-O-O dxc4 13. Bxc4 Bxc4 14. Nexc4 Qc7
15. Bxf6 Bxf6 16. Ne4 Bg7 17. d5 Nd7 18. f4 Rab8 19. d6 exd6 20. Nexd6 Qc6 21.
Qb5 Qxb5 22. Nxb5 a6 23. Nc7 Nf6 24. Nxa6 Ra8 25. Nc7 Rxa2 26. Na3 Ne4 27. Nc4
Nf2 28. Kb1 Ra4 29. b3 Ra1+ 30. Kc2 Rxd1 31. Rxd1 Nxd1 32. Kxd1 Rd8+ 33. Kc2
1/2-1/2

[Event "Open de la Loire 2010-2011"]
[Site "Loire"]
[Date "2011.02.12"]
[Round "8.8"]
[White "Martin, Julien"]
[Black "Peyssonneaux, Norbert"]
[Result "1/2-1/2"]
[WhiteElo "1530"]
[BlackElo "1499"]
[PlyCount "63"]
[EventDate "2011.??.??"]

1. e4 e5 2. Nf3 Nc6 3. Nc3 a6 4. d4 exd4 5. Nxd4 Bc5 6. Nxc6 Qf6 7. Qe2 Qxc6 8.
Be3 Bb4 9. Bd2 Nf6 10. a3 Ba5 11. b4 Bb6 12. Qf3 d6 13. b5 Qc5 14. Bd3 Bg4 15.
Qf4 O-O 16. h4 h5 17. O-O Rfe8 18. bxa6 bxa6 19. Na4 Qd4 20. Nxb6 Qxb6 21. Bc3
Re6 22. Rab1 Qc6 23. Bxf6 Rxf6 24. Qe3 Re8 25. Rb4 d5 26. exd5 Qd7 27. Qc5 Re5
28. Rb7 Bf5 29. Rxc7 Qxd5 30. Qxd5 Rxd5 31. Bxf5 Rdxf5 32. c4 1/2-1/2

[Event "Open de la Loire 2010-2011"]
[Site "Loire"]
[Date "2011.02.12"]
[Round "8.9"]
[White "Rogues, Jean-Luc"]
[Black "Benakila, Samir"]
[Result "1-0"]
[WhiteElo "1410"]
[BlackElo "1520"]
[PlyCount "75"]
[EventDate "2011.??.??"]

1. d4 d6 2. c4 Nf6 3. Nc3 g6 4. e4 Bg7 5. Be3 O-O 6. Bd3 Nc6 7. Nge2 e5 8. d5
Ne7 9. O-O c6 10. Qc2 cxd5 11. exd5 Bf5 12. Ne4 Nxe4 13. Bxe4 Bxe4 14. Qxe4 Nf5
15. Rab1 Nh4 16. g3 f5 17. Qxh4 Qxh4 18. gxh4 f4 19. Bd2 f3 20. Ng3 Bf6 21. Bg5
Bg7 22. Ne4 h6 23. Be3 Rfd8 24. Kh1 b6 25. Rg1 Kh7 26. Rg3 Rf8 27. Rbg1 g5 28.
hxg5 h5 29. g6+ Kg8 30. Rh3 Rf5 31. Rg5 Rxg5 32. Nxg5 b5 33. cxb5 Bh6 34. Rxf3
Rb8 35. a4 Rc8 36. Kg2 Rc2 37. b3 Rc3 38. Ne4 1-0

[Event "Open de la Loire 2010-2011"]
[Site "Loire"]
[Date "2011.02.12"]
[Round "8.10"]
[White "Trottet, Francois"]
[Black "Volay, Pascal"]
[Result "0-1"]
[WhiteElo "1510"]
[BlackElo "1480"]
[PlyCount "98"]
[EventDate "2011.??.??"]

1. e4 e5 2. Nf3 Nc6 3. Bb5 a6 4. Ba4 Nf6 5. O-O b5 6. Bb3 Be7 7. Re1 d6 8. c3
Bg4 9. d3 O-O 10. Be3 Bxf3 11. Qxf3 Qd7 12. h3 Kh8 13. Bg5 h6 14. Be3 Na5 15.
Bc2 Nh7 16. b4 Nc6 17. Nd2 Bg5 18. Nf1 Bxe3 19. Nxe3 Ne7 20. a4 c6 21. Bb3 Nf6
22. a5 Rac8 23. Rac1 c5 24. Nd5 Nexd5 25. exd5 cxb4 26. cxb4 Rxc1 27. Rxc1 Rc8
28. Rc6 Rxc6 29. dxc6 Qc7 30. Bd5 Kg8 31. g4 Kf8 32. Qf5 Nxd5 33. Qe4 Qxc6 34.
Qh7 Nf6 35. Qf5 Qd7 36. Qf3 d5 37. Qg3 Qe7 38. Qe3 e4 39. d4 Qxb4 40. g5 hxg5
41. Qxg5 Qxd4 42. Qf4 Qa7 43. Qd6+ Kg8 44. Qd8+ Kh7 45. Qd6 d4 46. Qe5 Qd7 47.
Kg2 d3 48. Qf4 d2 49. Qh4+ Kg8 0-1

[Event "Open de la Loire 2010-2011"]
[Site "Loire"]
[Date "2011.02.12"]
[Round "8.11"]
[White "Allabrune, Guillaume"]
[Black "Ben Habchi, Nordine"]
[Result "1-0"]
[WhiteElo "1380"]
[BlackElo "1490"]
[PlyCount "61"]
[EventDate "2011.??.??"]

1. Nf3 Nf6 2. d4 c5 3. c4 cxd4 4. Nxd4 Nc6 5. Nc3 e5 6. Nxc6 bxc6 7. e4 Bc5 8.
Bg5 d6 9. Qf3 Bxf2+ 10. Qxf2 Ng4 11. Bxd8 Nxf2 12. Kxf2 Kxd8 13. h3 f5 14. Bd3
f4 15. b4 Ke7 16. c5 dxc5 17. bxc5 Rb8 18. Rab1 Be6 19. Rxb8 Rxb8 20. Rb1 Rd8
21. Rb7+ Kf6 22. Ke2 h5 23. Rc7 Kg5 24. Rxg7+ Kh4 25. Ba6 Rb8 26. Rb7 Rg8 27.
Kf3 Rg3+ 28. Kf2 Rxc3 29. Rh7 Rc2+ 30. Be2 Rxa2 31. Rxh5# 1-0

[Event "Open de la Loire 2010-2011"]
[Site "Loire"]
[Date "2011.02.12"]
[Round "8.12"]
[White "Swietlicki, Jordan"]
[Black "Megnot, Philippe"]
[Result "0-1"]
[WhiteElo "1350"]
[BlackElo "1420"]
[PlyCount "58"]
[EventDate "2011.??.??"]

1. e4 c5 2. d3 d6 3. Nc3 g6 4. Nf3 Bg7 5. Be2 Nf6 6. O-O Nc6 7. h3 O-O 8. Be3
Nd7 9. Rb1 b6 10. Qd2 Nde5 11. Bh6 Nxf3+ 12. Bxf3 Ne5 13. Bxg7 Nxf3+ 14. gxf3
Kxg7 15. Kh2 Qd7 16. Kg1 Qxh3 17. Qf4 e5 18. Qg3 Qh5 19. Nb5 f5 20. f4 fxe4 21.
fxe5 Rf3 22. Qh2 Bh3 23. Rfe1 Raf8 24. Re2 R8f5 25. Nxd6 Rg5+ 26. Kh1 Bg2+ 27.
Kg1 Rh3 28. Ne8+ Kh8 29. Nf6 Qxe2 0-1

[Event "Open de la Loire 2010-2011"]
[Site "Loire"]
[Date "2011.02.12"]
[Round "8.13"]
[White "Barrandon, Georges"]
[Black "Marie, Michel"]
[Result "1-0"]
[WhiteElo "1420"]
[BlackElo "1120"]
[PlyCount "115"]
[EventDate "2011.??.??"]

1. e4 e5 2. Nf3 Nc6 3. Bc4 Bc5 4. d3 h6 5. O-O Nf6 6. Nc3 a6 7. Nd5 b5 8. Nxf6+
Qxf6 9. Bd5 O-O 10. a3 a5 11. b3 Ra6 12. Bxc6 Qxc6 13. Bb2 d6 14. Nh4 Rd8 15.
Qf3 d5 16. Bxe5 dxe4 17. dxe4 Be7 18. Qg3 Bg5 19. f4 Bf6 20. Nf5 Bxf5 21. exf5
Bxe5 22. fxe5 Qc5+ 23. Rf2 Rd2 24. c3 Rb2 25. b4 Qb6 26. Kf1 Rb3 27. Rf3 c5 28.
Qf4 axb4 29. cxb4 c4 30. Rxb3 cxb3 31. Qc1 Qd4 32. Rb1 Qd3+ 33. Kg1 Rxa3 34.
Qd1 Qe3+ 35. Kh1 Qf2 36. Qf1 Ra2 37. Qxf2 Rxf2 38. Kg1 Rc2 39. Rxb3 Rc1+ 40.
Kf2 Rc2+ 41. Kf3 f6 42. e6 Rc8 43. g4 Re8 44. h4 g6 45. Ke4 Kf8 46. Rd3 gxf5+
47. gxf5 Ke7 48. Rd7+ Kf8 49. Rf7+ Kg8 50. Rxf6 Rc8 51. e7 Re8 52. Rf8+ Rxf8
53. exf8=Q+ Kxf8 54. Ke5 Kf7 55. f6 Ke8 56. Kf5 Kf7 57. Ke5 Ke8 58. Ke6 1-0

[Event "Open de la Loire 2010-2011"]
[Site "Loire"]
[Date "2011.02.12"]
[Round "8.14"]
[White "Rasle, Corentin"]
[Black "Victoria, Philippe"]
[Result "1-0"]
[WhiteElo "1420"]
[BlackElo "1150"]
[PlyCount "79"]
[EventDate "2011.??.??"]

1. d4 e6 2. c4 d5 3. Nc3 Nf6 4. Bg5 Nbd7 5. cxd5 exd5 6. e3 Be7 7. Bd3 Nb6 8.
Bxf6 Bxf6 9. Qc2 g6 10. Nge2 O-O 11. O-O Be6 12. Nf4 Qd6 13. Rae1 Rfe8 14. Nb5
Qb4 15. Qc3 Qxc3 16. bxc3 Bd8 17. e4 Kf8 18. Re2 a6 19. Na3 Bg5 20. Nxe6+ fxe6
21. f4 Be7 22. Nb1 c5 23. f5 gxf5 24. exf5 exf5 25. Bxf5 Kg8 26. Be6+ Kh8 27.
Rf7 Kg8 28. Rxe7+ Kf8 29. Rxe8+ Rxe8 30. Bg4 Rxe2 31. Bxe2 c4 32. Bf3 a5 33.
Kf2 Kg7 34. Kg3 Kf6 35. Kf4 Ke6 36. g4 Nd7 37. Na3 Nf8 38. Nb5 Ng6+ 39. Kg3 Kd7
40. Bxd5 1-0

[Event "Open de la Loire 2010-2011"]
[Site "Loire"]
[Date "2011.02.12"]
[Round "8.15"]
[White "Choquelle, Jean"]
[Black "Mialon, Franck"]
[Result "0-1"]
[WhiteElo "1130"]
[BlackElo "1350"]
[PlyCount "64"]
[EventDate "2011.??.??"]

1. d4 d5 2. Nc3 Nf6 3. Nf3 e6 4. e3 Bb4 5. Bd2 Bd7 6. Be2 Nc6 7. O-O Qe7 8. Nb5
O-O-O 9. Ne5 Nxe5 10. dxe5 Bxb5 11. Bxb5 Ne4 12. c3 Ba5 13. b4 Bb6 14. a4 a6
15. Be2 f5 16. a5 Ba7 17. b5 d4 18. c4 Qc5 19. Rb1 Qxe5 20. b6 cxb6 21. axb6
Bb8 22. f4 Qf6 23. Qc2 Nxd2 24. Qxd2 dxe3 25. Qxe3 Qf8 26. Qxe6+ Rd7 27. Qe3
Bd6 28. Rfe1 Bc5 29. Kf2 Bxe3+ 30. Kxe3 Qc5+ 31. Kf3 Re8 32. Rb2 Qe3# 0-1

[Event "Open de la Loire 2010-2011"]
[Site "Loire"]
[Date "2011.02.12"]
[Round "8.16"]
[White "Daillere, Roland"]
[Black "Brachet, Gerard"]
[Result "1-0"]
[WhiteElo "1240"]
[BlackElo "1410"]
[PlyCount "67"]
[EventDate "2011.??.??"]

1. e4 e5 2. f4 exf4 3. Nf3 d6 4. d4 Nf6 5. e5 dxe5 6. dxe5 Qxd1+ 7. Kxd1 Nd5 8.
Bc4 Ne3+ 9. Bxe3 fxe3 10. Re1 Bc5 11. Nc3 Bg4 12. Nd5 Nc6 13. Nxc7+ Kd7 14.
Nxa8 Nxe5 15. Be2 Bxf3 16. Bxf3 Nxf3 17. gxf3 Rxa8 18. Ke2 f5 19. Red1+ Ke6 20.
Rd3 Ke5 21. Rad1 Kf4 22. Rd7 Rc8 23. c3 b5 24. Rxg7 Rh8 25. Rd5 Bb6 26. Rf7 Kg5
27. Rfxf5+ Kg6 28. h4 h5 29. Rg5+ Kf7 30. Rxh5 Rd8 31. Rxd8 Bxd8 32. Kxe3 Kg6
33. Rxb5 Bxh4 34. c4 1-0

[Event "Open de la Loire 2010-2011"]
[Site "Loire"]
[Date "2011.03.12"]
[Round "9.1"]
[White "Walter, Alain"]
[Black "Boeuf, Jean-Julien"]
[Result "1/2-1/2"]
[WhiteElo "1770"]
[BlackElo "1510"]
[PlyCount "64"]
[EventDate "2011.??.??"]

1. d4 f5 2. Nf3 Nf6 3. c4 g6 4. Nc3 Bg7 5. e3 d6 6. Bd3 h6 7. O-O O-O 8. Bd2 b6
9. Re1 Bb7 10. d5 c6 11. Nd4 Qd7 12. Ne6 Rc8 13. Nxg7 Kxg7 14. e4 cxd5 15. exd5
Na6 16. Qe2 Re8 17. Qe3 Ng4 18. Qd4+ Kh7 19. h3 Ne5 20. Qe3 g5 21. Be2 e6 22.
f4 Nxc4 23. dxe6 Rxe6 24. Qd3 Nxd2 25. Qxd2 gxf4 26. Qxf4 Rg6 27. Bf3 Bxf3 28.
Qxf3 Rag8 29. Re2 Nc5 30. Rae1 R8g7 31. b4 Ne6 32. Qxf5 Nd4 1/2-1/2

[Event "Open de la Loire 2010-2011"]
[Site "Loire"]
[Date "2011.03.12"]
[Round "9.2"]
[White "Longueville, Thomas"]
[Black "Doran, Niall"]
[Result "1-0"]
[WhiteElo "1794"]
[BlackElo "1547"]
[PlyCount "83"]
[EventDate "2011.??.??"]

1. d4 Nf6 2. Nf3 g6 3. Nc3 Bg7 4. e4 d6 5. Be3 O-O 6. Qd2 Re8 7. O-O-O a5 8.
Bh6 Bh8 9. h4 Bg4 10. Qf4 Bh5 11. Rd2 Ng4 12. Bc4 Nxh6 13. Qxh6 Bxf3 14. gxf3
Nd7 15. h5 Bg7 16. Qf4 e6 17. hxg6 fxg6 18. Qh2 Nf6 19. e5 Nh5 20. f4 d5 21.
Be2 h6 22. Bxh5 gxh5 23. Qxh5 Qd7 24. Qg4 Kh7 25. Rg1 Rg8 26. Qg6+ Kh8 27. f3
Qe8 28. Rdg2 Qxg6 29. Rxg6 Rae8 30. Nb5 Re7 31. Kd2 Kh7 32. Kd3 h5 33. R6g5 Rf7
34. Rxh5+ Bh6 35. Rxg8 Kxg8 36. Rxh6 Rxf4 37. Ke3 Rf7 38. Rxe6 c6 39. Nd6 Rg7
40. Re8+ Kh7 41. Rb8 b5 42. Rb7 1-0

[Event "Open de la Loire 2010-2011"]
[Site "Loire"]
[Date "2011.03.12"]
[Round "9.3"]
[White "Buisine, Roman"]
[Black "Carteron, Olivier"]
[Result "1/2-1/2"]
[WhiteElo "1667"]
[BlackElo "1610"]
[PlyCount "109"]
[EventDate "2011.??.??"]

1. e4 e6 2. d4 d5 3. e5 c5 4. c3 Nc6 5. Nf3 Qb6 6. Qb3 Qxb3 7. axb3 cxd4 8.
cxd4 f6 9. Nc3 Bb4 10. Be3 fxe5 11. dxe5 Nge7 12. Bd3 Nd8 13. O-O Nec6 14. Bb5
a6 15. Ra4 Be7 16. Nd4 Rb8 17. Nxc6 Nxc6 18. Bxc6+ bxc6 19. Rfa1 c5 20. Ne2 O-O
21. Nc1 d4 22. Bd2 Rd8 23. Rc4 Rd5 24. f4 Rd7 25. Ra3 Bb7 26. Nd3 Rc7 27. Ba5
Rcc8 28. Bb6 Bd5 29. Rxc5 Bxc5 30. Bxc5 Rxb3 31. Rxb3 Bxb3 32. Bxd4 Rd8 33. Nc5
Bc4 34. Bc3 Rc8 35. Ne4 Bd5 36. Nd6 Ra8 37. Ba5 Rb8 38. Bc3 a5 39. Kf2 a4 40.
g4 Kf8 41. Ke3 Rb3 42. Kd4 Rb8 43. Kc5 Ra8 44. Kb4 Bf3 45. g5 Bd5 46. h4 Bb3
47. Ne4 Rb8+ 48. Ka5 Ke7 49. Bb4+ Kf7 50. h5 Bd1 51. Nd6+ Kg8 52. h6 gxh6 53.
gxh6 Rd8 54. Kb6 Rb8+ 55. Kc5 $11 1/2-1/2

[Event "Open de la Loire 2010-2011"]
[Site "Loire"]
[Date "2011.03.12"]
[Round "9.4"]
[White "Moleins, Jean-Pierre"]
[Black "D'Elia, Stephane"]
[Result "1-0"]
[WhiteElo "1600"]
[BlackElo "1420"]
[PlyCount "119"]
[EventDate "2011.??.??"]

1. g3 d5 2. Bg2 Nf6 3. d3 g6 4. Nf3 Bg7 5. Nbd2 O-O 6. c4 c6 7. O-O Nbd7 8.
cxd5 cxd5 9. Nb3 e5 10. Bg5 Re8 11. Nfd2 h6 12. Bxf6 Nxf6 13. e4 d4 14. Rc1 b6
15. f4 Ng4 16. Qf3 Ne3 17. Rfe1 Ba6 18. Nc4 Bxc4 19. dxc4 Rc8 20. Nd2 Qd7 21.
b3 Qg4 22. Rxe3 Qxf3 23. Rxf3 b5 24. f5 g5 25. f6 Bf8 26. Bh3 Rc7 27. Bf5 Bb4
28. Nb1 Rd8 29. a3 Bc5 30. b4 Bb6 31. c5 a5 32. c6 Rd6 33. Bd7 Rdxd7 34. Rf5
Rd6 35. Rxe5 Rcxc6 36. Rd1 Rxf6 37. Rxb5 axb4 38. axb4 Rc4 39. Nd2 Rc2 40. e5
d3+ 41. Kg2 Rfc6 42. Kh3 Be3 43. Nf1 Bg1 44. Rxd3 g4+ 45. Kxg4 Bxh2 46. Nxh2
Rxh2 47. Re3 Rc4+ 48. Kf5 Rh5+ 49. Kf6 Rc6+ 50. Ke7 Rg5 51. Rb8+ Kg7 52. b5
Re6+ 53. Kd7 Rgxe5 54. Rxe5 Rxe5 55. b6 Kf6 56. Rg8 Re7+ 57. Kc8 Ke6 58. b7
Rxb7 59. Kxb7 Kf6 60. Kc6 1-0

[Event "Open de la Loire 2010-2011"]
[Site "Loire"]
[Date "2011.03.12"]
[Round "9.5"]
[White "Mazet, Christian"]
[Black "Joly, Christian"]
[Result "1-0"]
[WhiteElo "1460"]
[BlackElo "1600"]
[Annotator "DEVILLE"]
[PlyCount "62"]
[EventDate "2011.??.??"]

1. d4 Nf6 2. c4 c5 3. d5 b5 4. b3 bxc4 5. bxc4 g6 6. Bb2 Qb6 7. Qc2 Bg7 8. Nd2
O-O 9. Rb1 Qc7 10. Ngf3 d6 11. e4 Nbd7 12. Be2 Nb6 13. O-O Bd7 14. Ba1 Rfb8 15.
Bd3 Rb7 16. Rfe1 e5 17. dxe6 Bxe6 18. e5 dxe5 19. Bxe5 Qd7 20. Ne4 Nxe4 21.
Bxe4 Bf5 22. Bxg7 Bxe4 23. Rxe4 Kxg7 24. Rbe1 Rbb8 25. Qc3+ Kg8 26. Re7 Qd6 27.
Ng5 Rf8 28. h4 Qd4 29. Qf3 f6 30. Ne6 Qxh4 31. Nxf8 Rxf8 1-0

[Event "Open de la Loire 2010-2011"]
[Site "Loire"]
[Date "2011.03.12"]
[Round "9.6"]
[White "Liogier, Pascal"]
[Black "Desassis, Jean-Francois"]
[Result "1/2-1/2"]
[WhiteElo "1440"]
[BlackElo "1500"]
[PlyCount "58"]
[EventDate "2011.??.??"]

1. Nf3 c5 2. c4 Nc6 3. g3 Nf6 4. Bg2 g6 5. Nc3 Bg7 6. O-O O-O 7. d3 d6 8. a3
Bd7 9. Rb1 a5 10. Nb5 Qc8 11. Bg5 Bh3 12. Qd2 Bxg2 13. Kxg2 Ng4 14. h3 Nge5 15.
Rfe1 Nxf3 16. exf3 Re8 17. b4 cxb4 18. axb4 axb4 19. d4 Qd7 20. Re4 Rac8 21.
Bh6 Bf6 22. d5 Ne5 23. Rxb4 Nxc4 24. Rbxc4 Rxc4 25. Rxc4 Qxb5 26. Qc2 Qxd5 27.
Rc8 Qb5 28. Qc7 Be5 29. Qxb7 Qa4 $11 1/2-1/2

[Event "Open de la Loire 2010-2011"]
[Site "Loire"]
[Date "2011.03.12"]
[Round "9.7"]
[White "Volay, Pascal"]
[Black "Rasle, Jean-Michel"]
[Result "0-1"]
[WhiteElo "1480"]
[BlackElo "1650"]
[PlyCount "136"]
[EventDate "2011.??.??"]

1. e4 e6 2. d4 d5 3. exd5 exd5 4. Be2 Bd6 5. Nf3 Nf6 6. Nc3 c6 7. Bd3 O-O 8.
O-O Bg4 9. h3 Bxf3 10. Qxf3 h6 11. Re1 Qc7 12. g3 Nbd7 13. Ne2 Rfe8 14. Bf4 Re7
15. Bxd6 Qxd6 16. Nf4 Rae8 17. Kf1 Rxe1+ 18. Rxe1 Rxe1+ 19. Kxe1 Qb4+ 20. c3
Qxb2 21. Be2 Ne4 22. Qe3 Qxc3+ 23. Qxc3 Nxc3 24. a3 Nb5 25. Bxb5 cxb5 26. Nxd5
Kf8 27. Kd2 Nb8 28. Kc3 Nc6 29. f3 f6 30. h4 Kf7 31. h5 a6 32. Kd3 Ke6 33. Ne3
Ne7 34. g4 Kd6 35. Ke4 a5 36. Nc2 Ke6 37. f4 f5+ 38. gxf5+ Kd6 39. Ne3 b4 40.
Nc4+ Kc7 41. axb4 axb4 42. d5 Nc8 43. Ke5 Kd7 44. f6 gxf6+ 45. Kxf6 b3 46. Ke5
Nd6 47. Nb2 b5 48. Kd4 Nc4 49. f5 Nxb2 50. Kc3 Nc4 51. Kxb3 Ke7 52. Kb4 Kd6 53.
Kxb5 Kxd5 54. f6 Nd6+ 55. Kb4 Ke6 56. Kc3 Kxf6 57. Kd3 Kg5 58. Ke3 Kxh5 59. Kf4
Kh4 60. Kf3 Nf5 61. Kg2 Kg4 62. Kh2 h5 63. Kg2 h4 64. Kh2 Ne3 65. Kg1 Kg3 66.
Kh1 h3 67. Kg1 Nd1 68. Kh1 Nf2+ 0-1

[Event "Open de la Loire 2010-2011"]
[Site "Loire"]
[Date "2011.03.12"]
[Round "9.8"]
[White "Megnot, Philippe"]
[Black "Martin, Julien"]
[Result "0-1"]
[WhiteElo "1420"]
[BlackElo "1530"]
[PlyCount "54"]
[EventDate "2011.??.??"]

1. e4 e5 2. Nf3 d6 3. h3 Nf6 4. d3 Be6 5. Nc3 d5 6. exd5 Nxd5 7. Bd2 Nc6 8. Be2
Bb4 9. a3 Bxc3 10. bxc3 O-O 11. O-O Nf6 12. Bg5 e4 13. Bxf6 Qxf6 14. dxe4 Qxc3
15. Bd3 Ne5 16. Nxe5 Qxe5 17. f4 Qd4+ 18. Kh1 c5 19. f5 Bc4 20. Qg4 Bxd3 21.
cxd3 Qxd3 22. f6 g6 23. Qg5 Kh8 24. e5 Rae8 25. Rf4 Qc3 26. Raf1 Rxe5 27. Rh4
Rxg5 0-1

[Event "Open de la Loire 2010-2011"]
[Site "Loire"]
[Date "2011.03.12"]
[Round "9.9"]
[White "Piper, Stephane"]
[Black "Barrandon, Georges"]
[Result "1-0"]
[WhiteElo "1430"]
[BlackElo "1420"]
[PlyCount "65"]
[EventDate "2011.??.??"]

1. c4 e5 2. Nc3 Nc6 3. Nf3 Bc5 4. d3 h6 5. a3 a6 6. b4 Ba7 7. Bb2 d6 8. g3 Nf6
9. Bg2 O-O 10. O-O Bg4 11. Nd5 Nxd5 12. cxd5 Ne7 13. e4 f5 14. Rc1 f4 15. h3
Bxf3 16. Qxf3 fxg3 17. Qxg3 Rf6 18. Kh2 Ng6 19. Bf3 Qe7 20. Bg4 Raf8 21. Be6+
Kh8 22. Bf5 Nf4 23. Rc2 Qf7 24. Bc1 Nh5 25. Qg4 g5 26. f3 Bb6 27. h4 Ng7 28.
hxg5 hxg5 29. Bxg5 Rxf5 30. exf5 Nxf5 31. Qh3+ Kg7 32. Rg2 Rg8 33. Be7+ 1-0

[Event "Open de la Loire 2010-2011"]
[Site "Loire"]
[Date "2011.03.12"]
[Round "9.10"]
[White "Peyssonneaux, Norbert"]
[Black "Ben Habchi, Nordine"]
[Result "1-0"]
[WhiteElo "1499"]
[BlackElo "1490"]
[PlyCount "89"]
[EventDate "2011.??.??"]

1. c4 b5 2. cxb5 d5 3. Nf3 Nf6 4. g3 e5 5. Bg2 e4 6. Nd4 Bc5 7. Nb3 Bxf2+ 8.
Kxf2 Ng4+ 9. Ke1 Qf6 10. Rf1 Qb6 11. e3 Qxb5 12. Nc3 Qc6 13. Nd4 Qh6 14. Nxd5
O-O 15. Nxc7 Qxh2 16. Nxa8 Ba6 17. Qxg4 Bxf1 18. Kxf1 Na6 19. Bxe4 Nc5 20. Nf3
Qh1+ 21. Ke2 Qg2+ 22. Kd1 Qf1+ 23. Ne1 f5 24. Bd5+ Kh8 25. Qb4 Rc8 26. Qd4 h5
27. b3 Qh3 28. Qh4 Qxh4 29. gxh4 Nd7 30. Bb2 Nf8 31. Rc1 Rd8 32. Bf3 Ne6 33.
Nc7 Nf8 34. Bxh5 Kh7 35. Bf7 Nd7 36. Ne6 Rb8 37. Rc7 Nb6 38. Nxg7 Na4 39. Ba1
a5 40. Nxf5 Nb2+ 41. Bxb2 Rxb3 42. axb3 a4 43. Bh5+ Kg8 44. bxa4 Kf8 45. a5 1-0

[Event "Open de la Loire 2010-2011"]
[Site "Loire"]
[Date "2011.03.12"]
[Round "9.11"]
[White "Benakila, Samir"]
[Black "Rasle, Corentin"]
[Result "0-1"]
[WhiteElo "1520"]
[BlackElo "1420"]
[PlyCount "101"]
[EventDate "2011.??.??"]

1. e4 e6 2. d4 d5 3. exd5 exd5 4. Nc3 Bb4 5. Bd2 Nf6 6. a3 Ba5 7. b4 Bb6 8. Nf3
Bg4 9. Be3 Nc6 10. Be2 O-O 11. O-O Re8 12. b5 Nb8 13. Ne5 Bxe2 14. Qxe2 Nbd7
15. f4 Nxe5 16. fxe5 Ne4 17. Nxe4 dxe4 18. Qc4 Qd7 19. Rf4 Rad8 20. c3 Qe6 21.
Qe2 Ba5 22. c4 Bc3 23. Rd1 Qd7 24. Rxe4 f5 25. Rh4 Rxe5 26. Rd3 Ba5 27. Qh5 h6
28. Qg6 Re6 29. Qxf5 Rxe3 30. Qxd7 Re1+ 31. Kf2 Rxd7 32. Rf4 Ree7 33. d5 Bb6+
34. Kf3 Rf7 35. g3 Bc5 36. Rd2 Rxf4+ 37. gxf4 Rf7 38. Ke4 Kf8 39. a4 Ke7 40. a5
Bb4 41. Ra2 Kd6 42. Ra4 Kc5 43. b6 cxb6 44. axb6 a6 45. Ke5 Rf6 46. Ra2 Kxb6
47. Rc2 Kc7 48. Rg2 Bc3+ 49. Ke4 a5 50. f5 Rb6 51. Rg3 0-1

[Event "Open de la Loire 2010-2011"]
[Site "Loire"]
[Date "2011.03.12"]
[Round "9.12"]
[White "Mialon, Franck"]
[Black "Boeuf, Jeremy"]
[Result "0-1"]
[WhiteElo "1350"]
[BlackElo "1300"]
[PlyCount "46"]
[EventDate "2011.??.??"]

1. e4 d5 2. exd5 Qxd5 3. Nc3 Qa5 4. d4 Nf6 5. Bd2 Qb6 6. Nf3 c6 7. Bc4 Bg4 8.
Bxf7+ Kxf7 9. Ne5+ Ke8 10. Nxg4 Nxg4 11. Qxg4 Nd7 12. O-O Nf6 13. Qh3 Qxd4 14.
Rad1 Qd7 15. Qh4 Rd8 16. Ne4 Nxe4 17. Qxe4 g6 18. Ba5 Qxd1 19. Rxd1 Rxd1+ 20.
Be1 Bh6 21. g3 Bd2 22. Kf1 Rxe1+ 23. Qxe1 Bxe1 0-1